| 000 | 00395nam a2200145 a 4500 | ||
|---|---|---|---|
| 001 | 4540 | ||
| 003 | CDMR | ||
| 005 | 20130116135257.0 | ||
| 008 | 130130s1993||||||||||||||||||||||||||||d | ||
| 040 |
_aCDMR _bcat _cCPC GIRONA |
||
| 245 | 0 | _aEstratègies en la composició dels textos periodístics | |
| 260 |
_c1993 _bSocietat Catalana de Comunicació |
||
| 490 | 0 |
_aPeriodística _v6 _92736 |
|
| 942 | _cMON | ||
| 999 |
_c4540 _d4540 |
||